Представление документа в формате MARC21

Поле Инд. ПП Название Значение
Тип записи a
Библиографический уровень b
001 Контрольный номер RU/IS/BASE/267628279
005 Дата корректировки 20220304143853.3
008 Кодируемые данные 20080624
040 b Код языка каталог. rus
e Правила каталог. PSBO
041 0_ a Код языка текста rus
084 a Индекс другой классификации/Индекс ББК 83.3(2=411.2)5
100 1_ a Автор Ничипоров И. Б.
245 10 a Заглавие Цветовое и звуковое оформление степных пейзажей в прозе А. П. Чехова
504 a Библиография Библиогр.: с. 114
600 14 a Персоналии Чехов Антон Павлович
650 04 a Основная рубрика история литературы
a Основная рубрика литературоведение
a Основная рубрика филологические науки
653 1_ a Ключевые слова "Степь"
a Ключевые слова XIX век
a Ключевые слова образ степи
a Ключевые слова пейзажи
a Ключевые слова природа
a Ключевые слова проза
a Ключевые слова Россия
a Ключевые слова русская литература
a Ключевые слова язык автора
773 08 t Заглавие источника Вестник Московского университета. Серия 9, Филология
d Дата издания источника 2007
g Прочая информация № 5. - С. 108 - 114
w Контрольный № источника RU/IS/BASE/261756274
901 t Тип документа b